000
00308nam a2200157Ia 4500
100
_a
Rodrigues/vijay
650
_a
Corporate management
942
_c
BK
366
_f
20
245
_a
Corporate magic
260
_b
Himalaya
_c
2017
082
_b
ROD
300
_a
269
546
_a
ENGLISH
999
_c
24710
_d
24710